000 00633nam a2200241Ia 4500
003 OSt
005 20221005085605.0
006 a|||||r|||| 00| 0
007 ta
008 221004b |||||||| |||| 00| 0 eng d
024 _a38644
037 _cTextual
040 _aCRL
_cCRL
_beng
041 _2eng
_aeng
082 _aO111,3v, K9
100 _aCross Wilbur L.
245 0 _aDevelopment of the English novel
260 _aNew York
_bGreenwood press
_c1969
300 _axvii, 329p
_ccm.
650 _aENGLISH LITERATURE
942 _hO111,3v, K9
_cTEXL
_2cc
999 _c994447
_d994447